Métodos y medios en promoción y educación para la salud / (Registro nro. 236906)

Detalles MARC
000 -LEADER
fixed length control field 02900nam a2200457Ii 4500
001 - CONTROL NUMBER
control field DIGEDIUOC272
003 - CONTROL NUMBER IDENTIFIER
control field NyNyDIG
008 - FIXED-LENGTH DATA ELEMENTS--GENERAL INFORMATION
fixed length control field 140801s2004 sp ob 000 0 spa d
006 - FIXED-LENGTH DATA ELEMENTS--ADDITIONAL MATERIAL CHARACTERISTICS
fixed length control field m o d
007 - PHYSICAL DESCRIPTION FIXED FIELD--GENERAL INFORMATION
fixed length control field cr |||||||||||
020 ## - INTERNATIONAL STANDARD BOOK NUMBER
International Standard Book Number 9788490292952
Qualifying information (eBook)
020 ## - INTERNATIONAL STANDARD BOOK NUMBER
Canceled/invalid ISBN 8497880137
020 ## - INTERNATIONAL STANDARD BOOK NUMBER
Canceled/invalid ISBN 9788497880138
035 ## - SYSTEM CONTROL NUMBER
System control number (OCoLC)847574788
040 ## - CATALOGING SOURCE
Original cataloging agency DGITA
Language of cataloging eng
Description conventions rda
-- pn
Transcribing agency DGITA
050 14 - LIBRARY OF CONGRESS CALL NUMBER
Classification number RA440 eBook
245 00 - TITLE STATEMENT
Title Métodos y medios en promoción y educación para la salud /
Statement of responsibility, etc. Fernando Marqués, Salvador Sáez, Rafael Guayta (eds.).
250 ## - EDITION STATEMENT
Edition statement Primera edición en lengua castellana.
264 #1 - PRODUCTION, PUBLICATION, DISTRIBUTION, MANUFACTURE, AND COPYRIGHT NOTICE
Place of production, publication, distribution, manufacture Barcelona :
Name of producer, publisher, distributor, manufacturer Universitat Oberta de Catalunya,
Date of production, publication, distribution, manufacture, or copyright notice 2004.
300 ## - PHYSICAL DESCRIPTION
Extent 1 online resource (397 pages).
336 ## - CONTENT TYPE
Content type term text
Content type code txt
Source rdacontent
337 ## - MEDIA TYPE
Media type term computer
Media type code c
Source rdamedia
338 ## - CARRIER TYPE
Carrier type term online resource
Carrier type code cr
Source rdacarrier
490 1# - SERIES STATEMENT
Series statement Manuales ;
Volume/sequential designation 22.
Series statement Ciencias de la salud
504 ## - BIBLIOGRAPHY, ETC. NOTE
Bibliography, etc. note Includes bibliographical references (pages 203-304).
505 0# - FORMATTED CONTENTS NOTE
Formatted contents note Marco conceptual de la promoción y educación para la salud / Jesús Sánchez-Martos -- Métodos directos / Fernando Marqués -- Medios de soporte educativo (1) / Dolors Juvinyá y Fernando Marqués -- Medios de soporte educativo (2) / Ana Escayola -- El consejo médico / Andreu Prat y Rafael Guayta -- La educación para la salud en grupos / Salvador Sáez y Rosa María Calvo -- Educación para la salud individual frente a la grupal / Carmen Gamella -- La carta circular / Rafael Guayta -- Folleto educativo y cartel sensibilizador / Teresa Robledo -- La comunicación visual en la divulgación sanitaria / Rosa Collado -- Prensa escrita / Olga Huguet -- El programa radiofónico / Caries Aguilar -- Educación para la salud y medios audiovisuales / Josep María Puigvert -- Internet y educación para la salud -- Pere Font -- Montajes audiovisuales / Salvador Sáez y Judith Serrano -- La gran campaña mediática / Rafael Guayta -- Dramatización y teatro / Antonio Martín -- Marionetas / Biel Porcel -- La efectividad de los medios de educación sanitaria / Concha Germán Bes.
588 0# - SOURCE OF DESCRIPTION NOTE
Source of description note Online resource; title from ePub and PDF title page (Digitalia, viewed August 10, 2014)
650 #0 - SUBJECT ADDED ENTRY--TOPICAL TERM
Topical term or geographic name entry element Health education.
655 #0 - INDEX TERM--GENRE/FORM
Genre/form data or focus term Electronic books.
700 1# - ADDED ENTRY--PERSONAL NAME
Personal name Marqués, Fernando,
Relator term editor.
700 1# - ADDED ENTRY--PERSONAL NAME
Personal name Sáez, Salvador,
Relator term editor.
700 1# - ADDED ENTRY--PERSONAL NAME
Personal name Guayta, Rafael,
Relator term editor.
791 2# -
-- Digitalia (Firm),
-- distributor.
793 0# -
-- Digitalia eBook Collection:
-- Universitat Oberta de Catalunya.
776 08 - ADDITIONAL PHYSICAL FORM ENTRY
Relationship information Print version:
Title Métodos y medios en promoción y educación para la salud.
Place, publisher, and date of publication Barcelona : Universitat Oberta de Catalunya, 2004.
International Standard Book Number 9788497880138
830 #0 - SERIES ADDED ENTRY--UNIFORM TITLE
Uniform title Ciencias de la salud (Editorial UOC)
830 #0 - SERIES ADDED ENTRY--UNIFORM TITLE
Uniform title Manuales (Editorial UOC) ;
Volume/sequential designation 22
856 40 - ELECTRONIC LOCATION AND ACCESS
Materials specified Digitalia Hispánica
Uniform Resource Identifier <a href="https://www.digitaliapublishing.com/a/20442/">https://www.digitaliapublishing.com/a/20442/</a>
910 ## - USER-OPTION DATA (OCLC)
User-option data Premium Collection: 2013
942 ## - ADDED ENTRY ELEMENTS (KOHA)
Koha item type Recurso Electrónico
Existencias
Withdrawn status Lost status Damaged status Not for loan Collection Home library Current library Date acquired Total checkouts Date last seen Price effective from Koha item type
        Digitalia Ebooks Hispanica Biblioteca Digital UIN Biblioteca Digital UIN 04/25/2025   04/25/2025 04/25/2025 Recurso Electrónico

CONTACTO


NOSOTROS


SITIOS DE INTERES

coordinacion.biblioteca.biblioteca@unienlinea.mx Misión, Visión y Objetivos Bases de datos
Directorio Bibliotecas Digitales y Repositorios
Normatividad Revistas y artículos
Convenios interbibliotecarios
Boletines



Hecho en México. Universidad Insurgentes (UIN). Todos los derechos reservados 2024. Esta página y sus contenidos pueden ser reproducidos con fines no lucrativos, siempre y cuando no se mutile, se cite la fuente completa y su dirección electrónicas. De otra forma requiere permiso previo por escrito de la institución




2024 Copyright Universidad Insurgentes | www.bibliouin.com.mx